Cookbook of the Songola (Record no. 38751)

MARC details
000 -LEADER
fixed length control field 00722nam a2200169 a 4500
008 - FIXED-LENGTH DATA ELEMENTS--GENERAL INFORMATION
fixed length control field 060925s1990 ||||||||||||||||| || u
050 ## - LIBRARY OF CONGRESS CALL NUMBER
Classification number KYO-UNI(05)ASM/90/13
100 ## - MAIN ENTRY--PERSONAL NAME
Personal name Ankei, Takako
245 10 - TITLE STATEMENT
Title Cookbook of the Songola
Statement of responsibility, etc. by Takako Ankei
246 ## - VARYING FORM OF TITLE
Title proper/short title an anthropological study on the technology of food preparation among a Bantu-speaking people of the Zaire forest
260 ## - PUBLICATION, DISTRIBUTION, ETC.
Place of publication, distribution, etc. Kyoto
Name of publisher, distributor, etc. Kyoto University
Date of publication, distribution, etc. 1990
350 ## - PRICE (NR) (BK AM CF MU VM SE) [OBSOLETE]
Price 0.00
490 ## - SERIES STATEMENT
Series statement African Study Monographs
650 ## - SUBJECT ADDED ENTRY--TOPICAL TERM
Topical term or geographic name entry element COOKERY ZAIRAN--SONGOLA
650 #0 - SUBJECT ADDED ENTRY--TOPICAL TERM
Topical term or geographic name entry element COOKING
995 ## - RECOMMENDATION 995 [LOCAL, UNIMARC FRANCE]
-- 0.00
-- CBU-MAIN LIBRARY (Kitwe)
-- 1
-- 0.00
-- 13
-- AVAILABLE
-- Sep 25, 2006
-- International Publications
Holdings
Withdrawn status Lost status Source of classification or shelving scheme Damaged status Not for loan Home library Current library Shelving location Date acquired Total Checkouts Full call number Barcode Date last seen Price effective from Koha item type
          CBU-MAIN LIBRARY, KITWE. CBU-MAIN LIBRARY, KITWE.   11/30/2022   KYO-UNI(05)ASM/90/13 Z03001158 11/30/2022 11/30/2022 MONOGRAPH